000 00303nam a22001337a 4500
008 181217b xxu||||| |||| 00| 0 eng d
020 _a9780312137038
041 _aeng
080 _24 TH
_a370
100 _a47
101 _aEDU
245 _aThe Handbook For Writers
_cHacker.D
942 _2udc
_cBK
999 _c53158
_d53158